Výsledky tvorby v čase 40. výročia Divadla Jonáša Záborského v Prešove

Bibliographic Details
Main Author: Rešovský, Jozef, 1934-1990 (Author)
Format: Article
Language:Slovak
PhysicalDescription:Obr. 10. Res. rus., angl.
Subjects:

MARC

LEADER 00000nab a2200000 a 4500
001 vtls000191448
003 SK-MaSNL
005 20260304223045.0
008 250423c1984 xo 0 slo
015 |a SNBRB19rr/mm-uuuuu 
035 |a CL0201561 
035 |a (urnnbn)urn:nbn:sk:snk:ar-a09epk 
035 |a (uuid)f08e9d4f-9566-405e-8990-7edb40ba261b 
035 |a urn:nbn:sk:snk-ab8eko 
040 |a SNKBUCL  |b slo  |c SNKBUCL  |e AACR2 
041 0 |a slo 
044 |a xo  |c SK 
080 |a 792(091)  |2 1981 
080 |a 792.2  |2 1981 
100 1 |a Rešovský, Jozef,  |d 1934-1990  |4 aut  |9 175551 
245 1 0 |a Výsledky tvorby v čase 40. výročia Divadla Jonáša Záborského v Prešove  |c Jozef Rešovský 
300 |b Obr. 10. Res. rus., angl. 
610 2 7 |a Divadlo Jonáša Záborského  |2 snkbucl  |9 29722 
648 7 |a 1944-1984  |2 snkbucl  |9 380766 
650 0 7 |a divadlá  |2 snkbucl  |9 29113 
651 7 |a Prešov (Slovensko)  |2 snkbucl  |9 17347 
655 7 |a články z novín a časopisov  |2 snkbucl  |9 267496 
773 0 |t Slovenské divadlo  |g Roč. 32, č. 3 (1984), s. 343-358 
850 |a Slovenská národná knižnica 
852 |a Slovenská národná knižnica 
954 |a odborná, vedecká literatúra pôvodná (slovenská)  |2 lita 
958 |a article9 
958 |a OND 
958 |a EUIPO 
992 |a RBX 
999 |c 3166151  |d 3168081